[Event "XXXIV C.to Italiano Seniores"]
[Site "Arvier ITA"]
[Date "2012.04.15"]
[Round "2"]
[White "Cova, Ennio"]
[Black "Lodi, Paolo"]
[WhiteElo "1700"]
[BlackElo "1595"]
[Result "1-0"]
[PlyCount "70"]
[EventDate "2012.04.14"]

1. e4 e6 2. d4 d5 3. e5 c5 4. c3 Nc6 5. Nf3 Qb6 6. Bd3 cxd4 7. cxd4 Bd7 8. Qb3
Qxb3 9. axb3 Nb4 10. Kd2 Nxd3 11. Kxd3 Bb5+ 12. Kc2 Rc8+ 13. Nc3 Ba6 14. Be3 h6
15. Ne1 f5 16. Nd3 Bxd3+ 17. Kxd3 a6 18. Rhc1 Bb4 19. Ne2 Ne7 20. Rxc8+ Nxc8
21. Nf4 Kd7 22. Ng6 Re8 23. Ra4 a5 24. Bd2 Bxd2 25. Kxd2 b6 26. b4 axb4 27.
Rxb4 Kc7 28. Rb3 Ne7 29. Rc3+ Kb7 30. Nf4 Nc6 31. Ne2 g5 32. Rh3 Rh8 33. Kc3
Ne7 34. Rd3 Rc8+ 35. Kd2 h5 1-0

[Event "XXXIV C.to Italiano Seniores"]
[Site "Arvier ITA"]
[Date "2012.04.15"]
[Round "2"]
[White "D'Aulisa, Francesco"]
[Black "Bogatto, Mario"]
[WhiteElo "1755"]
[BlackElo "1421"]
[Result "1-0"]
[PlyCount "89"]
[EventDate "2012.04.14"]

1. e4 e5 2. f4 exf4 3. Nf3 d6 4. Bc4 Bg4 5. d4 Nf6 6. Bxf4 Be7 7. Nbd2 Nbd7 8.
O-O O-O 9. Re1 c6 10. c3 b5 11. Bb3 Nh5 12. Be3 Nhf6 13. Bg5 h6 14. Bh4 Nh7 15.
Bxe7 Qxe7 16. Qc2 Bxf3 17. Nxf3 Ng5 18. Re3 Nxf3+ 19. Rxf3 Nf6 20. Re1 d5 21.
e5 Nh7 22. Qd3 Ng5 23. Rff1 Ne4 24. Qe3 Qg5 25. Qxg5 Nxg5 26. Bc2 Rae8 27. Bf5
Re7 28. Rf2 g6 29. Bd3 Kg7 30. Rf6 Re6 31. Rf4 Nh7 32. Ref1 f5 33. g4 fxg4 34.
Rxg4 Rxf1+ 35. Kxf1 h5 36. Bf5 hxg4 37. Bxe6 Nf8 38. Bxg4 Kf7 39. Kf2 a5 40. a3
Nh7 41. Bd7 Ng5 42. Bxc6 Ne4+ 43. Ke2 Ke6 44. Bxb5 g5 45. Be8 1-0

[Event "XXXIV C.to Italiano Seniores"]
[Site "Arvier ITA"]
[Date "2012.04.15"]
[Round "2"]
[White "De Polzer, Manfredi"]
[Black "Bonino, Silvano"]
[WhiteElo "1692"]
[BlackElo "1516"]
[Result "1-0"]
[PlyCount "63"]
[EventDate "2012.04.14"]

1. e4 e6 2. d4 d5 3. e5 c5 4. c3 Nc6 5. f4 a6 6. Nf3 Qb6 7. Bd3 Bd7 8. Bc2 cxd4
9. cxd4 Bb4+ 10. Nc3 Nge7 11. Be3 Nf5 12. Bf2 O-O-O 13. O-O Be7 14. Na4 Qa7 15.
a3 g6 16. b4 b6 17. Nc3 Nb8 18. Rb1 Kc7 19. a4 Rc8 20. b5 a5 21. Bxf5 gxf5 22.
Ng5 Be8 23. Rc1 Kd7 24. Qd3 h6 25. Qh3 f6 26. Nf3 Bf7 27. Ne2 Qb7 28. Bh4 Rhg8
29. exf6 Ba3 30. Ne5+ Ke8 31. Qxa3 Nd7 32. Qe7# 1-0

[Event "XXXIV C.to Italiano Seniores"]
[Site "Arvier ITA"]
[Date "2012.04.15"]
[Round "2"]
[White "Galanti, Paolo"]
[Black "Cavatorta, Fosco"]
[WhiteElo "1416"]
[BlackElo "1929"]
[Result "0-1"]
[PlyCount "82"]
[EventDate "2012.04.14"]

1. e4 d6 2. d4 Nf6 3. Nc3 Nbd7 4. f3 e5 5. Be3 Be7 6. Bd3 c6 7. Nge2 Nh5 8. O-O
Bg5 9. Qd2 Bxe3+ 10. Qxe3 Nhf6 11. d5 O-O 12. dxc6 bxc6 13. Bc4 Nb6 14. Bb3 Qe7
15. Ng3 g6 16. Rad1 Bb7 17. Qg5 Kh8 18. h4 d5 19. Kh1 d4 20. Na4 Nxa4 21. Bxa4
Rae8 22. Bb3 Bc8 23. c3 c5 24. cxd4 cxd4 25. f4 Ng4 26. Qxe7 Rxe7 27. Rf3 Ne3
28. fxe5 Nxd1 29. Bxd1 Rxe5 30. Bc2 Kg7 31. Rd3 Rd8 32. Bd1 Ba6 33. Ra3 Bb7 34.
Rxa7 Bxe4 35. Nxe4 Rxe4 36. Bb3 Rf4 37. g3 Rf6 38. Re7 d3 39. Re1 Rf2 40. Bc4
Rxb2 41. Re3 d2 0-1

[Event "XXXIV C.to Italiano Seniores"]
[Site "Arvier ITA"]
[Date "2012.04.15"]
[Round "2"]
[White "Gardi, Giuseppe"]
[Black "Spano' Cuomo, Gaetano"]
[WhiteElo "2013"]
[BlackElo "1802"]
[Result "1-0"]
[PlyCount "145"]
[EventDate "2012.04.14"]

1. d4 d5 2. c4 e6 3. cxd5 exd5 4. Nf3 Nf6 5. Bg5 Be7 6. Nc3 c6 7. Qc2 O-O 8. e3
Nbd7 9. Bd3 Re8 10. O-O Nf8 11. Rae1 Bg4 12. Ne5 Bh5 13. f4 N6d7 14. Bxe7 Qxe7
15. Qf2 Nxe5 16. fxe5 Bg6 17. Bf5 Bxf5 18. Qxf5 Qe6 19. Qh5 Qg6 20. Qh4 Re6 21.
Rf3 Nd7 22. Ne2 Qh6 23. Qf2 Rf8 24. Nf4 Ree8 25. Qc2 g6 26. Qb3 Nb6 27. a4 Qh4
28. Ref1 Qe7 29. Qc2 Kh8 30. b3 Rg8 31. Qf2 Rg7 32. h4 Kg8 33. a5 Nd7 34. Nh3
h6 35. g4 a6 36. g5 h5 37. Rf6 Rh7 38. Rd6 Rf8 39. Nf4 Kg7 40. Qd2 Re8 41. Qf2
Rhh8 42. Qg3 Kh7 43. Qf3 Nf8 44. e4 dxe4 45. Qe2 Ne6 46. Nxe6 fxe6 47. Rf6 Rhf8
48. Qxe4 Rxf6 49. gxf6 Qf7 50. b4 Kh8 51. Qf4 Kh7 52. Qc1 Rg8 53. Qf1 Rc8 54.
Kf2 Rb8 55. Qc1 Rg8 56. Qc4 Re8 57. Kg3 Kh6 58. Kf3 Kh7 59. Qc5 Kh6 60. Qc1+
Kh7 61. Ke4 Rg8 62. Kd3 g5 63. hxg5 Qg6+ 64. Kc4 Qf5 65. Rd7+ Kh8 66. Kc5 h4
67. Kd6 h3 68. Qh1 Rxg5 69. f7 Kg7 70. Re7 Kg6 71. Rxe6+ Kg7 72. Rf6 Rg6 73.
f8=Q+ 1-0

[Event "XXXIV C.to Italiano Seniores"]
[Site "Arvier ITA"]
[Date "2012.04.15"]
[Round "2"]
[White "Giani, Franco"]
[Black "Valenti, Giuseppe"]
[WhiteElo "1942"]
[BlackElo "2138"]
[Result "0-1"]
[PlyCount "84"]
[EventDate "2012.04.14"]

1. e3 g6 2. c4 c5 3. Nc3 Nf6 4. Nf3 Bg7 5. d4 cxd4 6. Nxd4 a6 7. Be2 e6 8. O-O
d6 9. h3 O-O 10. Bf3 Qc7 11. b3 Nbd7 12. Bb2 Ne5 13. Be2 Rd8 14. Rc1 b6 15. f4
Ned7 16. Bf3 Bb7 17. Na4 e5 18. Bxb7 Qxb7 19. Qf3 d5 20. Ne2 e4 21. Qf2 dxc4
22. bxc4 Qc6 23. Nac3 Qxc4 24. Ng3 Qb4 25. a3 Qb3 26. Rb1 Nc5 27. Qe2 Qe6 28.
f5 Qd6 29. Ncxe4 Ncxe4 30. Nxe4 Nxe4 31. fxg6 hxg6 32. Bxg7 Kxg7 33. Qb2+ Kg8
34. Qb3 Qe7 35. Qb4 Qxb4 36. Rxb4 Nd2 37. Rf6 b5 38. a4 Kg7 39. Rbf4 Rd7 40.
axb5 axb5 41. Rb6 Ra1+ 42. Kh2 Nf1+ 0-1

[Event "XXXIV C.to Italiano Seniores"]
[Site "Arvier ITA"]
[Date "2012.04.15"]
[Round "2"]
[White "Iudicello, Giovanni"]
[Black "Goli, Daniele"]
[WhiteElo "2159"]
[BlackElo "1961"]
[Result "1-0"]
[PlyCount "65"]
[EventDate "2012.04.14"]

1. e4 g6 2. d4 Bg7 3. Nc3 d6 4. f4 Nf6 5. Bd3 c6 6. Nf3 Qb6 7. O-O O-O 8. Kh1
Bg4 9. e5 Ne8 10. Ne2 Nd7 11. Qe1 dxe5 12. dxe5 Nc5 13. Bc4 Ne6 14. Qh4 Qc5 15.
Bd3 f5 16. Bd2 a5 17. Rab1 b5 18. a3 Rf7 19. b4 axb4 20. Bxb4 Qa7 21. c4 Qe3
22. Rb3 Rb8 23. cxb5 cxb5 24. Bc4 Qb6 25. Bxe6 Qxe6 26. Ned4 Qc4 27. Rfb1 Rc8
28. Rc3 Qa2 29. Rbc1 Bxf3 30. Nxf3 Qd5 31. h3 Bf8 32. Rc5 Qb7 33. Ng5 1-0

[Event "XXXIV C.to Italiano Seniores"]
[Site "Arvier ITA"]
[Date "2012.04.15"]
[Round "2"]
[White "Jeanrenaud, Antonia"]
[Black "Renzini, Lorenzo"]
[WhiteElo "1597"]
[BlackElo "1745"]
[Result "0-1"]
[PlyCount "86"]
[EventDate "2012.04.14"]

1. e4 c5 2. Nf3 d6 3. Bc4 e6 4. a3 Nf6 5. d3 a6 6. Be3 d5 7. e5 dxc4 8. exf6
Qxf6 9. c3 Qd8 10. d4 cxd4 11. cxd4 Be7 12. O-O O-O 13. Nbd2 b5 14. Qc2 Bb7 15.
a4 Nc6 16. b3 Nb4 17. Qc3 Nd5 18. Qc2 c3 19. Ne4 Nxe3 20. fxe3 b4 21. a5 Qd5
22. Nf2 Qb5 23. Nd3 Be4 24. Nfe1 Rfc8 25. Rf2 Bg5 26. Qe2 Bh4 27. g3 Be7 28.
Ra4 c2 29. Nc1 Qxe2 30. Rxe2 Rc3 31. Ra2 Rac8 32. Rd2 Rxe3 33. Nxc2 Rec3 34.
Nxb4 Rxc1+ 35. Kf2 Bxb4 36. Re2 R1c2 37. Ke3 Rxe2+ 38. Rxe2 Bd5 39. Rb2 Rc3+
40. Kf4 h6 41. h4 Bd6+ 42. Kg4 Rxg3+ 43. Kh5 Bf3# 0-1

[Event "XXXIV C.to Italiano Seniores"]
[Site "Arvier ITA"]
[Date "2012.04.15"]
[Round "2"]
[White "Lisandri, Luigi"]
[Black "Tedesco, Fernando"]
[WhiteElo "1434"]
[BlackElo "1685"]
[Result "0-1"]
[PlyCount "108"]
[EventDate "2012.04.14"]

1. e4 e6 2. c4 e5 3. Nf3 d6 4. d3 Bg4 5. Be2 Bxf3 6. Bxf3 Nf6 7. Nc3 a6 8. O-O
Be7 9. Bg5 Nc6 10. Bxf6 Bxf6 11. Nd5 O-O 12. Bg4 Nd4 13. Nxf6+ Qxf6 14. Qd2 b6
15. Bd1 Qe7 16. f4 f6 17. f5 Qf7 18. Qf2 g5 19. Rc1 c5 20. Rc3 Kg7 21. Qg3 h6
22. Rf2 b5 23. Bb3 b4 24. Rc1 h5 25. Bd1 h4 26. Qg4 Rh8 27. h3 Qc7 28. b3 a5
29. Ra1 Nc6 30. a4 bxa3 31. Rxa3 Nb4 32. Qf3 Qb6 33. Rb2 Nc6 34. Qf1 Nd4 35.
Qe1 Ra7 36. Ra4 Rha8 37. Qe3 Nc6 38. Kh2 Nb4 39. Bh5 Qd8 40. Qd2 Qh8 41. Bg4
Qd8 42. Qd1 Nc6 43. Rba2 Qb6 44. R2a3 Qc7 45. Qd2 Nd4 46. Qc3 Qb6 47. g3 hxg3+
48. Kxg3 Nc6 49. Qd2 Rh8 50. Qe2 Rha8 51. h4 gxh4+ 52. Kxh4 Rh8+ 53. Bh5 Kg8
54. Kg4 Rah7 0-1

[Event "XXXIV C.to Italiano Seniores"]
[Site "Arvier ITA"]
[Date "2012.04.15"]
[Round "2"]
[White "Nai, Giovanni"]
[Black "Chiandussi, Livio"]
[WhiteElo "1651"]
[BlackElo "1484"]
[Result "1-0"]
[PlyCount "75"]
[EventDate "2012.04.14"]

1. e4 e6 2. d4 d5 3. Nc3 Nf6 4. Bg5 Be7 5. e5 Nfd7 6. Bxe7 Qxe7 7. Qg4 O-O 8.
f4 f6 9. Bd3 f5 10. Qh3 c5 11. dxc5 Nxc5 12. O-O-O Nxd3+ 13. Rxd3 Nc6 14. Nf3
Bd7 15. g4 a6 16. Nh4 b5 17. gxf5 exf5 18. Nxd5 Qf7 19. Nf3 h6 20. Rg1 Kh8 21.
Ng5 Qe8 22. Nc7 Qe7 23. Nxa8 Rxa8 24. Rgd1 Rd8 25. Rd6 Be8 26. Rxd8 Nxd8 27.
Nf3 Bd7 28. Nd4 Qf7 29. b3 Nc6 30. Nxc6 Bxc6 31. Qc3 Be4 32. Qc8+ Kh7 33. e6
Qf6 34. Kb1 Qe7 35. Rd7 Qh4 36. Qc3 Kg6 37. Rxg7+ Kh5 38. e7 1-0

[Event "XXXIV C.to Italiano Seniores"]
[Site "Arvier ITA"]
[Date "2012.04.15"]
[Round "2"]
[White "Nipote, Mario"]
[Black "Pierantoni, Guglielmo"]
[WhiteElo "1504"]
[BlackElo "1693"]
[Result "1-0"]
[PlyCount "45"]
[EventDate "2012.04.14"]

1. d4 Nf6 2. c4 e6 3. Nc3 c5 4. Nf3 h6 5. e4 cxd4 6. Nxd4 Nc6 7. Be3 Be7 8. Be2
a6 9. O-O Qc7 10. Qd2 Nxd4 11. Bxd4 e5 12. Be3 d6 13. Rac1 O-O 14. Nd5 Nxd5 15.
cxd5 Qb8 16. f4 f5 17. fxe5 fxe4 18. e6 b5 19. Qd4 Bf6 20. Qxe4 Bxb2 21. Bd3
Rxf1+ 22. Rxf1 Bf6 23. Rxf6 1-0

[Event "XXXIV C.to Italiano Seniores"]
[Site "Arvier ITA"]
[Date "2012.04.15"]
[Round "2"]
[White "Palermiti, Francesco"]
[Black "Maestri, Roberto"]
[WhiteElo "1545"]
[BlackElo "1711"]
[Result "0-1"]
[PlyCount "84"]
[EventDate "2012.04.14"]

1. d4 Nf6 2. Nf3 d6 3. e3 g6 4. Bd3 Bg7 5. O-O O-O 6. Nbd2 Nc6 7. a3 e5 8. dxe5
dxe5 9. e4 Bg4 10. h3 Be6 11. Qe2 Nd4 12. Nxd4 exd4 13. Nf3 c5 14. Bg5 Qc7 15.
b3 a6 16. a4 Rac8 17. Qd2 Nd7 18. Rfe1 Ne5 19. Qf4 Rfe8 20. Nxe5 Bxe5 21. Qh4
c4 22. bxc4 Bxc4 23. f4 Bg7 24. e5 Bxd3 25. cxd3 Qb6 26. Bf6 Rc6 27. Bxg7 Kxg7
28. Qg3 Qd8 29. f5 Kh8 30. f6 Rce6 31. Qf4 Qd5 32. Re4 Rxe5 33. Rxd4 Qc5 34.
Kh1 Rf5 35. Qxf5 gxf5 36. Rd7 Rf8 37. Rxb7 Qc6 38. Rab1 Qxf6 39. R1b6 Qd4 40.
Rxa6 Qxd3 41. Rab6 Ra8 42. Rxf7 Rxa4 0-1

[Event "XXXIV C.to Italiano Seniores"]
[Site "Arvier ITA"]
[Date "2012.04.15"]
[Round "2"]
[White "Papa, Angelo"]
[Black "Barlocco, Carlo"]
[WhiteElo "1852"]
[BlackElo "2087"]
[Result "1-0"]
[PlyCount "59"]
[EventDate "2012.04.14"]

1. d4 d5 2. c4 c6 3. cxd5 cxd5 4. Nf3 Nf6 5. Nc3 Nc6 6. Bf4 a6 7. e3 Bg4 8. Be2
Bxf3 9. Bxf3 e6 10. O-O Bd6 11. Bxd6 Qxd6 12. Rc1 O-O 13. Na4 e5 14. Nc5 b6 15.
Na4 e4 16. Be2 b5 17. Nc5 Nd7 18. Qd2 Nxc5 19. Rxc5 Ne7 20. Rfc1 Rac8 21. Rxc8
Rxc8 22. Rxc8+ Nxc8 23. Qc3 Ne7 24. a3 Qc6 25. Qc5 Qxc5 26. dxc5 Nc6 27. a4
bxa4 28. Bxa6 Kf8 29. Bb5 Nb4 30. c6 1-0

[Event "XXXIV C.to Italiano Seniores"]
[Site "Arvier ITA"]
[Date "2012.04.15"]
[Round "2"]
[White "Piazza, Giacomo"]
[Black "Scalfi, Agostino"]
[WhiteElo "1619"]
[BlackElo "1923"]
[Result "0-1"]
[PlyCount "89"]
[EventDate "2012.04.14"]

1. Nf3 d5 2. e3 Nf6 3. b3 e6 4. Bb2 Bd6 5. c4 c6 6. Be2 Nbd7 7. d3 Qc7 8. h3 h6
9. Nbd2 O-O 10. Qc2 Re8 11. g4 Nh7 12. h4 e5 13. g5 h5 14. O-O-O g6 15. Nb1 a5
16. d4 e4 17. c5 Bf8 18. Ne5 Nxe5 19. dxe5 Bg7 20. Bd4 Bxe5 21. f4 exf3 22. Bd3
Nf8 23. Bxe5 Qxe5 24. Nc3 Qxe3+ 25. Kb1 Qxc5 26. Qb2 Qd6 27. Rhe1 Bg4 28. Rf1
Qg3 29. Rh1 f2 30. Rc1 Qxd3+ 31. Ka1 Qe3 32. a3 Re6 33. Ka2 Rae8 34. Rh2 Qg3
35. Rxf2 Qxh4 36. Rcf1 R8e7 37. Qd2 Nh7 38. Qf4 Qxg5 39. Qb8+ Kg7 40. Qa7 Qe3
41. Qxa5 b6 42. Qb4 c5 43. Nxd5 cxb4 44. Nxe3 Rxe3 45. axb4 0-1

[Event "XXXIV C.to Italiano Seniores"]
[Site "Arvier ITA"]
[Date "2012.04.16"]
[Round "3"]
[White "Antonelli, Fabrizio"]
[Black "Iudicello, Giovanni"]
[WhiteElo "2023"]
[BlackElo "2159"]
[Result "0-1"]
[PlyCount "158"]
[EventDate "2012.04.14"]

1. d4 Nf6 2. c4 g6 3. Nc3 Bg7 4. e4 d6 5. Be2 O-O 6. Bg5 c5 7. d5 Qa5 8. Qd2 a6
9. Nf3 Bd7 10. O-O b5 11. e5 dxe5 12. Nxe5 b4 13. Nd1 Ne4 14. Qe3 Nxg5 15. Nxd7
Nxd7 16. Qxg5 Rae8 17. Qd2 Qc7 18. a3 a5 19. axb4 axb4 20. Ne3 h5 21. Ra6 Qe5
22. b3 Qd4 23. Rd1 Ra8 24. Qa2 Rxa6 25. Qxa6 Qb2 26. Kf1 Qf6 27. Qc6 Qd6 28. g3
Bd4 29. Nc2 Bc3 30. f4 Nb6 31. Ne1 Rc8 32. Qxd6 exd6 33. Nf3 Ra8 34. Ng5 f5 35.
Rb1 Nd7 36. Kg2 Ra2 37. Kf3 Nf6 38. h3 Kf8 39. Kf2 Ke7 40. Kf1 Kd7 41. Kf2 Ke7
42. Kf1 Bd2 43. Bd3 h4 44. gxh4 Bxf4 45. Re1+ Be5 46. Re2 Ra1+ 47. Re1 Rxe1+
48. Kxe1 Bg3+ 49. Kf1 Bxh4 50. Nf3 Bg3 51. Kg2 Bf4 52. Nh4 Kf7 53. Kf3 Bc1 54.
Bc2 Nd7 55. Ke2 Kf6 56. Nf3 g5 57. Kf2 Nf8 58. Kg3 Ng6 59. Ng1 Bf4+ 60. Kf2 Be5
61. Ne2 Nh4 62. Bb1 g4 63. hxg4 fxg4 64. Be4 Kg5 65. Bc2 Nf5 66. Be4 Bd4+ 67.
Kg2 Be3 68. Bd3 Nh4+ 69. Kg3 Nf3 70. Bc2 Bd2 71. Be4 Be1+ 72. Kg2 Kh4 73. Nf4
Nd4 74. Nd3 Bd2 75. Nb2 Nxb3 76. Na4 Bf4 77. Nb2 Nd2 78. Bh7 Be5 79. Nd3 Nxc4
0-1

[Event "XXXIV C.to Italiano Seniores"]
[Site "Arvier ITA"]
[Date "2012.04.16"]
[Round "3"]
[White "Barlocco, Carlo"]
[Black "Renzini, Lorenzo"]
[WhiteElo "2087"]
[BlackElo "1745"]
[Result "1-0"]
[PlyCount "33"]
[EventDate "2012.04.14"]

1. d4 Nf6 2. Nf3 d5 3. c4 e6 4. g3 Nbd7 5. Bg2 Be7 6. O-O O-O 7. Qc2 c5 8. cxd5
Nxd5 9. Nc3 Nxc3 10. bxc3 Rb8 11. Bf4 Ra8 12. Rab1 Nb6 13. Rfd1 Bd7 14. dxc5
Bxc5 15. Ne5 Nd5 16. Nxd7 Qxd7 17. e4 1-0

[Event "XXXIV C.to Italiano Seniores"]
[Site "Arvier ITA"]
[Date "2012.04.16"]
[Round "3"]
[White "Beltrami, Nerio"]
[Black "Facchetti, Gianni"]
[WhiteElo "1934"]
[BlackElo "2090"]
[Result "0-1"]
[PlyCount "62"]
[EventDate "2012.04.14"]

1. e4 e5 2. Nf3 Nc6 3. Bb5 Bc5 4. c3 Nf6 5. O-O O-O 6. d4 Bb6 7. Bg5 h6 8. Bh4
d6 9. a4 a5 10. Bxc6 bxc6 11. dxe5 dxe5 12. Qxd8 Rxd8 13. Nbd2 g5 14. Bg3 g4
15. Nxe5 Rxd2 16. Nc4 Re2 17. Rad1 Be6 18. Nxb6 cxb6 19. f3 Rxb2 20. Rd6 b5 21.
Be5 Nd7 22. Bf4 Nc5 23. Rfd1 gxf3 24. gxf3 Kh7 25. Rxc6 Rg8+ 26. Bg3 Nxa4 27.
Rdd6 h5 28. f4 h4 29. f5 hxg3 30. hxg3 Rxg3+ 31. Kh1 Re2 0-1

[Event "XXXIV C.to Italiano Seniores"]
[Site "Arvier ITA"]
[Date "2012.04.16"]
[Round "3"]
[White "Bisignano, Giuseppe"]
[Black "Berendino, Giacomo"]
[WhiteElo "1850"]
[BlackElo "1576"]
[Result "1-0"]
[PlyCount "71"]
[EventDate "2012.04.14"]

1. e4 e5 2. Nc3 Nf6 3. Nf3 Nc6 4. Bb5 d6 5. d4 Nd7 6. Bxc6 bxc6 7. dxe5 Ba6 8.
e6 fxe6 9. Nd4 Qf6 10. Nxc6 Ne5 11. Nxe5 Qxe5 12. f4 Qf6 13. Qf3 Rb8 14. e5
Qh4+ 15. g3 Bb7 16. Qxb7 Qxg3+ 17. hxg3 Rxb7 18. b3 dxe5 19. fxe5 Bb4 20. Bd2
Ba3 21. Ke2 O-O 22. Na4 Rb5 23. Bc3 Rf5 24. Rad1 c5 25. Rd8+ Kf7 26. g4 Rg5 27.
Kf3 c4 28. Rxh7 cxb3 29. axb3 Rb7 30. Nb2 Kg6 31. Rhh8 Rf7+ 32. Kg3 Bc5 33. Nd3
Be3 34. Rd6 Re7 35. Nf4+ Bxf4+ 36. Kxf4 1-0

[Event "XXXIV C.to Italiano Seniores"]
[Site "Arvier ITA"]
[Date "2012.04.16"]
[Round "3"]
[White "Bogatto, Mario"]
[Black "Galanti, Paolo"]
[WhiteElo "1421"]
[BlackElo "1416"]
[Result "1/2-1/2"]
[PlyCount "95"]
[EventDate "2012.04.14"]

1. e4 c5 2. Nc3 d6 3. Nf3 Nf6 4. Be2 e5 5. d3 a6 6. Bg5 Be7 7. Bxf6 Bxf6 8. Nd5
Nd7 9. O-O Nb6 10. Nxf6+ Qxf6 11. c4 O-O 12. b3 Be6 13. Kh1 Nd7 14. Qd2 h6 15.
h3 Qd8 16. Nh2 Nf6 17. Qd1 Qd7 18. f4 Qc6 19. f5 Bd7 20. Qe1 Nh7 21. Qg3 f6 22.
h4 b5 23. Bh5 Be8 24. Bg6 bxc4 25. bxc4 Qd7 26. h5 Bf7 27. Nf3 Ng5 28. Nh4 Rab8
29. Rab1 Qc7 30. Rb3 Rxb3 31. axb3 Qa5 32. Qe1 Qb6 33. Qd1 Qb4 34. Rf2 Qc3 35.
Ra2 Qd4 36. Rxa6 Nxe4 37. Bxf7+ Rxf7 38. Ra8+ Kh7 39. Qe1 Nf2+ 40. Kg1 Qxh4 41.
Qxf2 Qxh5 42. Ra6 Rd7 43. Qf3 Qg5 44. Ra1 Qd2 45. Qg3 Qg5 46. Qf2 g6 47. fxg6+
Qxg6 48. Qf3 1/2-1/2

[Event "XXXIV C.to Italiano Seniores"]
[Site "Arvier ITA"]
[Date "2012.04.16"]
[Round "3"]
[White "Bonino, Silvano"]
[Black "Piazza, Giacomo"]
[WhiteElo "1516"]
[BlackElo "1619"]
[Result "1/2-1/2"]
[PlyCount "50"]
[EventDate "2012.04.14"]

1. d4 Nf6 2. Bf4 c5 3. c3 cxd4 4. cxd4 e6 5. Nc3 Bb4 6. Qb3 Nc6 7. e3 O-O 8. a3
Ba5 9. Bd3 Nd5 10. Nge2 Nxf4 11. Nxf4 e5 12. Nfe2 Re8 13. O-O exd4 14. Nxd4 Ne5
15. Be4 d6 16. Qc2 g6 17. Bf3 Bb6 18. Nd5 Bxd4 19. exd4 Bf5 20. Be4 Rc8 21. Qb1
Bxe4 22. Qxe4 Nc6 23. Qxe8+ Qxe8 24. Nf6+ Kf8 25. Nxe8 Rxe8 1/2-1/2

[Event "XXXIV C.to Italiano Seniores"]
[Site "Arvier ITA"]
[Date "2012.04.16"]
[Round "3"]
[White "Cavatorta, Fosco"]
[Black "De Polzer, Manfredi"]
[WhiteElo "1929"]
[BlackElo "1692"]
[Result "1/2-1/2"]
[PlyCount "86"]
[EventDate "2012.04.14"]

1. d4 Nf6 2. Nf3 e6 3. e3 d5 4. Bd3 Bd6 5. O-O c6 6. Nbd2 b5 7. a4 b4 8. e4
dxe4 9. Nxe4 Nxe4 10. Bxe4 a5 11. Re1 Qc7 12. d5 O-O 13. dxc6 Nxc6 14. c4 Bb7
15. h4 Bf4 16. Qc2 Bxc1 17. Raxc1 h6 18. b3 Rad8 19. Rcd1 Rxd1 20. Rxd1 Rd8 21.
Rxd8+ Nxd8 22. Nd4 Qe5 23. Bxb7 Nxb7 24. Qd1 Qe4 25. g3 Nc5 26. Kf1 Nd3 27. Nf3
Nc5 28. Nd4 e5 29. Nf3 f6 30. Qd8+ Kh7 31. Nd2 Qd3+ 32. Qxd3+ Nxd3 33. g4 Nc5
34. Ke2 Kg6 35. Ke3 f5 36. f3 f4+ 37. Ke2 Kf7 38. h5 g6 39. Ne4 Nxb3 40. hxg6+
Kxg6 41. Kd3 Nd4 42. c5 Kf7 43. Nd2 Ke6 1/2-1/2

[Event "XXXIV C.to Italiano Seniores"]
[Site "Arvier ITA"]
[Date "2012.04.16"]
[Round "3"]
[White "Centofante, Maria Rosa"]
[Black "Palermiti, Francesco"]
[WhiteElo "1608"]
[BlackElo "1545"]
[Result "0-1"]
[PlyCount "86"]
[EventDate "2012.04.14"]

1. d4 d5 2. Nf3 Nf6 3. c4 e6 4. Bg5 Nbd7 5. cxd5 exd5 6. Nc3 c6 7. a3 Be7 8. e3
O-O 9. Bd3 h6 10. Bh4 Re8 11. O-O Qc7 12. Bg3 Bd6 13. Bxd6 Qxd6 14. b4 b5 15.
h3 Nb6 16. Ne5 Nc4 17. Qc2 Nxe5 18. dxe5 Qxe5 19. Ne2 Bd7 20. Nd4 Rac8 21. Rfe1
Ne4 22. f3 Nf6 23. f4 Qd6 24. Bf5 Ne4 25. Bxd7 Qxd7 26. Nb3 Re6 27. Nc5 Nxc5
28. Qxc5 Re4 29. Rac1 Qe6 30. Qxa7 d4 31. Qc5 Rxe3 32. Rf1 d3 33. Rcd1 Qe4 34.
Qe5 Re8 35. Qxe4 R8xe4 36. Rd2 Rc4 37. Rff2 Rc3 38. Ra2 Re1+ 39. Kh2 Rec1 40.
Rfd2 R3c2 41. Raxc2 dxc2 42. Kg3 Kf8 43. Kf3 Rf1+ 0-1

[Event "XXXIV C.to Italiano Seniores"]
[Site "Arvier ITA"]
[Date "2012.04.16"]
[Round "3"]
[White "Chiandussi, Livio"]
[Black "Jeanrenaud, Antonia"]
[WhiteElo "1484"]
[BlackElo "1597"]
[Result "1-0"]
[PlyCount "55"]
[EventDate "2012.04.14"]

1. d4 d5 2. c4 c6 3. Nf3 Nf6 4. Bg5 Nbd7 5. Nc3 dxc4 6. e3 h6 7. Bh4 e6 8. Bxc4
Bb4 9. O-O Be7 10. Qc2 Nd5 11. Bxe7 Qxe7 12. a3 N7f6 13. Rac1 b5 14. Be2 Ba6
15. Nxd5 cxd5 16. Qc6+ Qd7 17. Qxa8+ Qd8 18. Qc6+ Nd7 19. Qxa6 O-O 20. Rc2 Nb6
21. Rfc1 Nc4 22. b3 Nd6 23. Ne5 Nf5 24. Rc8 Qg5 25. Rxf8+ Kxf8 26. Qc8+ Ke7 27.
Qd7+ Kf6 28. Qxf7# 1-0

[Event "XXXIV C.to Italiano Seniores"]
[Site "Arvier ITA"]
[Date "2012.04.16"]
[Round "3"]
[White "Goli, Daniele"]
[Black "Acunzo, Domenico"]
[WhiteElo "1961"]
[BlackElo "1717"]
[Result "1-0"]
[PlyCount "69"]
[EventDate "2012.04.14"]

1. d4 e6 2. c4 f5 3. Nc3 Nf6 4. g3 d5 5. Bg2 c6 6. Nf3 Bd6 7. c5 Bc7 8. O-O O-O
9. b4 b5 10. a4 bxa4 11. Bd2 Nbd7 12. Qxa4 Bb7 13. b5 cxb5 14. Qxb5 Bc8 15. Qc6
Rb8 16. Rxa7 Ba5 17. Qxe6+ Kh8 18. Ng5 Bxc3 19. Bxc3 Ne4 20. Nxe4 Nxc5 21. Qe5
Nd7 22. Qxd5 fxe4 23. Qxe4 Qb6 24. Rfa1 Nf6 25. Qe7 Rg8 26. h3 Qb3 27. Qc7 Bf5
28. Ra8 Rxa8 29. Rxa8 Rxa8 30. Bxa8 Qd1+ 31. Kg2 Qxe2 32. Qb8+ Ne8 33. Qe5 Qh5
34. g4 Qh4 35. Qxf5 1-0

[Event "XXXIV C.to Italiano Seniores"]
[Site "Arvier ITA"]
[Date "2012.04.16"]
[Round "3"]
[White "Guaglianone, Mario"]
[Black "Colombo, Paolo"]
[WhiteElo "2016"]
[BlackElo "2119"]
[Result "1/2-1/2"]
[PlyCount "137"]
[EventDate "2012.04.14"]

1. c4 d6 2. Nc3 c6 3. d4 Qc7 4. e4 e5 5. Be3 Nf6 6. f3 Nbd7 7. Nge2 Be7 8. Qd2
a6 9. a4 Nf8 10. d5 c5 11. Nc1 Nh5 12. Nd3 Qd8 13. g3 h6 14. Bg2 Bg5 15. O-O
Bxe3+ 16. Qxe3 Ng6 17. b4 cxb4 18. Nxb4 O-O 19. Nd3 Qa5 20. Rfc1 b6 21. Rab1
Rb8 22. c5 dxc5 23. Nxc5 Nf6 24. Nd3 Bd7 25. Bf1 Rfc8 26. Nb4 b5 27. axb5 axb5
28. Nca2 Ne8 29. Rxc8 Rxc8 30. Rc1 Rxc1 31. Qxc1 Qb6+ 32. Kg2 Nd6 33. Qd2 f5
34. Bd3 Qd4 35. Qf2 fxe4 36. Qxd4 exd4 37. Bxe4 Ne5 38. Nc6 Bxc6 39. dxc6 Kf8
40. Nb4 Ke8 41. Bd5 Kd8 42. Na6 Ne8 43. f4 Nc4 44. Kf3 d3 45. Kf2 Nc7 46. Nxc7
Kxc7 47. Be4 Na5 48. Ke3 Nxc6 49. Kxd3 Kd6 50. Kc3 Kc5 51. Bg6 b4+ 52. Kb2 Nd4
53. Bf7 Kd6 54. Bc4 Nc6 55. Bb3 Kc5 56. Ba4 Na5 57. Be8 Kd4 58. Bg6 Ke3 59. Kc2
Kf3 60. Kd3 Kg2 61. Ke4 Kxh2 62. Kf3 b3 63. Bf5 Nc4 64. g4 b2 65. g5 hxg5 66.
fxg5 Nd2+ 67. Ke3 b1=Q 68. Bxb1 Nxb1 69. Kf4 1/2-1/2

[Event "XXXIV C.to Italiano Seniores"]
[Site "Arvier ITA"]
[Date "2012.04.16"]
[Round "3"]
[White "Laco, Giuseppe"]
[Black "Spano' Cuomo, Gaetano"]
[WhiteElo "2098"]
[BlackElo "1802"]
[Result "1-0"]
[PlyCount "87"]
[EventDate "2012.04.14"]

1. c4 c5 2. Nc3 Nc6 3. f4 Nf6 4. e4 d6 5. d3 Bg4 6. Qd2 g6 7. h3 Be6 8. Nf3 Bg7
9. g4 Nd7 10. Bg2 Nb6 11. O-O h5 12. g5 Qd7 13. Kh2 f6 14. Rb1 Bg4 15. Nh4 fxg5
16. Nxg6 Rh6 17. f5 Rxg6 18. fxg6 Be5+ 19. Kh1 Bxh3 20. Qxg5 O-O-O 21. g7 Qg4
22. Qxg4+ Bxg4 23. Bh6 Nd7 24. Rf8 Be6 25. Rbf1 Bf6 26. Nd5 Nce5 27. Nf4 Bg8
28. Nxh5 Nf7 29. Rxd8+ Kxd8 30. Bc1 Bd4 31. Bh3 Nf6 32. Nxf6 Bxf6 33. Rg1 Ne5
34. Bf1 Ke8 35. Be2 Nc6 36. Bh5+ Kd8 37. a3 a5 38. b3 Nd4 39. Bd1 Ke8 40. Bh6
Kf7 41. Rg2 Bh7 42. g8=Q+ Bxg8 43. Bh5+ Ke6 44. Rxg8 1-0